1438 1877 1953 1445 1314 1616 1699 1832 1057 1090 1032 1755 1366 1716 1970 1193 1422 1498 1162 1909 1863 1390 1564 1979 1485 1795 1585 1656 1014 1914 1143 1392 1177 1940 1833 1816 1373 1256 1426 1559 1303 1428 1904 1838 1455 1902 1858 1163 1183 1375 1952 1711 1395 1262 1201 1733 1173 1392 1244 1995 1982 1297 1189 1875 1564 1389 1439 1841 1066 1655 1923 1772 1548 1173 1394 1492 1064 1214 1251 1628 1338 1332 1116 1612 1275 1450 1655 1295 1386 1997 1637 1154 1279 1957 1458 1345 1600 1575 1850 BCNSPRNW ULIB Ver.6.0+V

เปลี่ยนเป็นภาษาไทย

Change to English
 แสดงรายละเอียดบรรณานุกรม
  กลับหน้าหลัก

Brief Record : Get Marc (ISO 2709) : E-mail record : QR code < ปิดหน้าต่าง
LEADER : 00000nam 2200000uu 4500
001    13399111813
003     ULIB
008    110708s2545||||th 000 0 tha d
050  4 DS584^bช527พ 2545
100 0  ชาลี เอี่ยมกระสินธุ์
245 10 พระปกเกล้าฯ กษัตริย์นักประชาธิปไตย/^cชาลี เอี่ยมกระสินธุ์
260    กรุงเทพฯ :^bชมรมนักเขียนอาวุโสประเทศไทย,^c2545
300    664 หน้า :^bภาพประกอบ
650  7 พระบาทสมเด็จพระปกเกล้าเจ้าอยู่หัว
710 1  ชมรมนักเขียนอาวุโสประเทศไทย
945    ^p1900^l0^i019382
945    ^p1900^l0^i019383
995    ทศพร
999 ^a ใช้งานได้ทุกระบบ
รายการนี้ยังไม่มีแท็ก
คุณยังไม่ได้ล็อกอิน คุณสามารถมีกิจกรรมร่วมกับเว็บไซต์ได้ แต่ต้องล็อกอินก่อน ::
  ล็อกอิน

รายการสื่อสารสนเทศ

ลำดับที่ ประเภท เลขเรียก/บาร์โค้ด สถานที่ สถานะ
- ไม่พบข้อมูล -

BibComment


ยังไม่เคยถูกคอมเมนท์

คอมเมนท์ทรัพยากรรายการนี้
  คอมเมนท์: พระปกเกล้าฯ กษัตร..


 Copyright 2026. Bcnsprnw @Library